Entry Personal Name
Number of records used in: 1
001 - CONTROL NUMBER
003 - CONTROL NUMBER IDENTIFIER
005 - DATE AND TIME OF LATEST TRANSACTION
- control field:
20210902115227.0
008 - FIXED-LENGTH DATA ELEMENTS
- fixed length control field:
210902|| aca||aabn | a|a d
040 ## - CATALOGING SOURCE
- Original cataloging agency:
OSt
- Transcribing agency:
OSt
100 ## - HEADING--PERSONAL NAME
- Personal name:
The All India Reporter
670 ## - SOURCE DATA FOUND
- Source citation:
Work cat.: (OSt)6799: The All India Reporter, The All India Reporter1965 (V-52) M.P Section, 1965